| 000 | 00570nam a2200145Ia 4500 | ||
|---|---|---|---|
| 008 | 100415s9999 xx 000 0 und d | ||
| 082 |
_b9882 _a591.9 |
||
| 100 | _aAgarwal VP (ed.) | ||
| 245 | _aAdvancement of Ecology : Symposium Held at Muzaffarnagar December 8 - 10, 1976 Part I | ||
| 260 |
_aNEW DELHI _c1979 _bTODAY & TOMORROW'S |
||
| 365 | _b95 | ||
| 630 | _aAdvancement of Ecology : Symposium Held at Muzaffarnagar December 8 - 10, 1976 Part I | ||
| 730 | _aAdvancement of Ecology : Symposium Held at Muzaffarnagar December 8 - 10, 1976 Part I | ||
| 942 | _cBOOK | ||
| 999 |
_c592814 _d592811 |
||